000 00576nam a2200181Ia 4500
008 240729s9999 xx 000 0 und d
022 _a2616-5090
245 0 _aTourism & Travelling
260 _aUkraine
260 _bLLC "CPC "Business Perspectives"
650 _a Home economics
650 _a Hospitality industry. Hotels, clubs, restaurants, etc. Food service | Geography. Anthropology. Recreation
650 _a Recreation. Leisure
650 _aTechnology
856 _uhttps://doaj.org/toc/ebcd368b1afa470cb6f8ff65e4d9d1b6
942 _2ddc
942 _cDOAJEJ
999 _c69948
_d69948
945 _a1
_bMadushi Gamage
_c1
_dMadushi Gamage